Influence of vitamin c and salicylic acid foliar application on garlic plants under sandy soil conditions (Record no. 53034)
[ view plain ]
| 000 -LEADER | |
|---|---|
| fixed length control field | 02203cab a2200301Ia 45 0 |
| 001 - CONTROL NUMBER | |
| control field | u200562 |
| 003 - CONTROL NUMBER IDENTIFIER | |
| control field | SIRSI |
| 008 - FIXED-LENGTH DATA ELEMENTS--GENERAL INFORMATION | |
| fixed length control field | 120604s2004 ua ss b eng d |
| 040 ## - CATALOGING SOURCE | |
| Original cataloging agency | EAL |
| 041 ## - LANGUAGE CODE | |
| Language code of text/sound track or separate title | eng |
| Language code of summary or abstract | ara |
| 090 ## - LOCALLY ASSIGNED LC-TYPE CALL NUMBER (OCLC); LOCAL CALL NUMBER (RLIN) | |
| Classification number (OCLC) (R) ; Classification number, CALL (RLIN) (NR) | ART ZJAR V31 No4A 6 |
| 100 1# - MAIN ENTRY--PERSONAL NAME | |
| Personal name | Bardisi, A. |
| 240 10 - UNIFORM TITLE | |
| Uniform title | Zagazig journal of agricultural research, 2004 v. 31 (4A) |
| Medium | [electronic resource]. |
| 245 10 - TITLE STATEMENT | |
| Title | Influence of vitamin c and salicylic acid foliar application on garlic plants under sandy soil conditions |
| Medium | [electronic resource]: |
| Remainder of title | 1.growth and plant chemical composition. |
| 246 15 - VARYING FORM OF TITLE | |
| Title proper/short title | تاثير الرش بكل من فيتامين ج و حمض الساليسيلك علي نباتات الثوم تحت ظروف الارض الرملية: |
| Remainder of title | 1-النمو والمحتوى الكيماوى للنبات. |
| 300 ## - PHYSICAL DESCRIPTION | |
| Extent | P. 1335-1347. |
| 504 ## - BIBLIOGRAPHY, ETC. NOTE | |
| Bibliography, etc. note | Includes references. |
| 520 ## - SUMMARY, ETC. | |
| Summary, etc. | This experiment was carried out during winter seasons of 2001-2002 and 2002-2003 at EI-Kbattara Experimental Farm, Fac. Agric., Zagazig Univ., to study the effect of ascorbic acid (vit.C) and salicylic acid (SA) on growth, leaf pigments and nutrientuptake by garlic plants under sandy soil conditions Spraying garlic plants with vito C at 100 ppm or SA at 50 ppm recorded maximum values of plant height, while vito C at 100 or 200 ppm and SA at SO ppm recorded maximum values of Dumber of leaves/plant, diameter of both neck and bulb, total dry weight/plant and N, P and K uptake by leaves and bulb and N, P and K total uptake by plant. Foliar spray of garlic plants with ,vito C at 100 or 200 ppm or SA at 50 , 100 and 200 ppm increased concentration of chlorophyll a, b, total (a+b) as well as carotenoids in leaf tissues. Also, vito C at 100 or SA at SO ppm recorded maximum values of N, P and K uptake by roots. |
| 546 ## - LANGUAGE NOTE | |
| Language note | Summary in Arabic. |
| 596 ## - | |
| -- | 1 |
| 650 #0 - SUBJECT ADDED ENTRY--TOPICAL TERM | |
| Topical term or geographic name entry element | Sandy soils. |
| 650 #0 - SUBJECT ADDED ENTRY--TOPICAL TERM | |
| Topical term or geographic name entry element | Garlic |
| General subdivision | Growth. |
| 650 #0 - SUBJECT ADDED ENTRY--TOPICAL TERM | |
| Topical term or geographic name entry element | Agricultural chemicals |
| General subdivision | Foliar application. |
| 650 #0 - SUBJECT ADDED ENTRY--TOPICAL TERM | |
| Topical term or geographic name entry element | Garlic |
| General subdivision | Composition. |
| 650 #0 - SUBJECT ADDED ENTRY--TOPICAL TERM | |
| Topical term or geographic name entry element | Salicylic acid. |
| 773 0# - HOST ITEM ENTRY | |
| Title | Zagazig Journal of Agricultural Research. |
| Related parts | 2004.v.31(4A) |
| International Standard Serial Number | 1110-0338 |
| Control subfield | nnas |
| Record control number | u158356 |
| 856 40 - ELECTRONIC LOCATION AND ACCESS | |
| Uniform Resource Identifier | <a href="http://nile.enal.sci.eg/EALE/2004/ZJAR/3104/4A/1335.pdf">http://nile.enal.sci.eg/EALE/2004/ZJAR/3104/4A/1335.pdf</a> |
| Public note | Full Text Article. |
| 942 ## - ADDED ENTRY ELEMENTS (KOHA) | |
| Koha item type | Articles |
| Source of classification or shelving scheme | Library of Congress Classification |
No items available.